00928nam a2200241 a 450000100060000000300080000600500170001400800390003103500190007004000320008904100140012108200220013511100300015724501320018726001000031930000250041950000340044450000310047850000790050965000390058865000230062771000360065051745BD-RjUL20211209075716.0140227s1965 cc 100 0 eng a(BD-RjUL)51865 aDLCcDLCdDLCdBD-RjULbeng0 aengfrespa00223a610bPEP 1965 aPeking symposium, d1964 00aPapers presented at the 1964 Peking symposium :bMedical Science, II /cPeking symposium,1964 ; Zhongguo ke xue ji shu xie hui. aPeking, China :bScientific and Technical Association of the People's Republic of China,c1965. a399-875 p. ;c27 cm. aEnglish, French, and Spanish. aIssued also in Chinese ed. aPhotocopy. [S.l., s.n., between 1965 and 1981]. [184] leaves ; 16 x 21 cm. aMedical sciences vCongresses. a Medical sciences.2 aZhongguo ke xue ji shu xie hui.